00547nam a2200169 a 450000100100000000500170001000800410002702000150006804000250008310000220010824000370013024500820016726000310024930000210028050000420030150000340034300004016520201002033946.0130812s1978 mx 000 0 spa d a9681800869 aDO-SdBNPbspacBNPHU1 aWeiss, Leonard W.10aEconomics and societylEspañol10aFundamentos de economía :benfoque económico social /cLeonardo W. Weiss. aMéxico :bLimusa,c1978. a604 p. ;c24 cm. aIncluye notas al pie de las páginas aTraducido del idioma inglés